Most Popular Boy Names by Any 3 Letters Quiz Stats

 Plays Quiz Updated Aug 7, 2018

Score 0/100 Timer 05:00
2 Plays Today
# Name % Correct
6Michael
86.6%
47Brandon
86.5%
23Jackson
85.4%
34Landon
81.9%
19Benjamin
81.8%
8Alexander
81.6%
64Zachary
81%
31Jonathan
80.7%
27John
78.2%
45Jack
77.2%
30Christian
76.6%
3William
76.5%
1Jacob
76.4%
61Charles
76.3%
37Brayden
76%
46Jordan
76%
10Daniel
75.6%
85Carson
73.7%
11Anthony
73.3%
12Matthew
73.2%
22Joseph
72%
80Josiah
71.9%
14Joshua
71.9%
63Thomas
71.9%
65Jose
71.3%
71Jason
71.2%
41Carter
70.3%
17James
70.2%
21Christopher
70.2%
97Grayson
69.3%
84Nathaniel
68.8%
2Mason
68.3%
98Bryson
67.6%
32Caleb
67.3%
# Name % Correct
49Julian
67.2%
16Andrew
66.7%
24Gabriel
66.1%
28Nathan
64.9%
62Robert
63.3%
18David
62.9%
4Jayden
62.1%
75Bentley
61.9%
9Aiden
61.8%
7Ethan
61.5%
69Chase
60.8%
95Alex
59%
100Jaden
58.4%
68Sebastian
58%
90Hayden
57.9%
74Colton
56.8%
76Dominic
56.5%
42Nicholas
56%
56Adrian
55.4%
70Ayden
54.9%
53Cameron
54.7%
91Carlos
54.2%
50Aaron
53.4%
55Hunter
52%
26Samuel
51.4%
72Ian
50.9%
15Liam
50%
67Kevin
49.9%
59Justin
49.6%
81Adam
47.1%
57Henry
46.7%
39Luke
46.1%
33Dylan
45.6%
87Tristan
44.5%
# Name % Correct
51Jeremiah
43.7%
60Austin
42.1%
38Tyler
41.9%
25Ryan
41.7%
29Lucas
41.5%
78Oliver
40.7%
92Nolan
40.2%
43Isaiah
39.7%
5Noah
39.5%
36Gavin
38.2%
94Cole
36.8%
35Isaac
35.5%
54Connor
35.3%
40Evan
34.6%
13Elijah
33.6%
58Eli
32.6%
93Jesus
31.9%
83Brody
28.1%
20Logan
28%
79Parker
27.8%
89Juan
26.5%
82Cooper
25.6%
44Owen
25.4%
96Max
24.9%
77Xavier
21.7%
73Blake
18.4%
48Wyatt
17.7%
86Jaxon
15.3%
52Angel
14.3%
66Levi
13.5%
88Luis
12.1%
99Diego
10.4%

You're not logged in!

Compare scores with friends on all Sporcle quizzes.
OR
Log In

Show Comments

Extras

Top Quizzes Today


Score Distribution

Your Account Isn't Verified!

In order to create a playlist on Sporcle, you need to verify the email address you used during registration. Go to your Sporcle Settings to finish the process.

Report this User

Report this user for behavior that violates our Community Guidelines.

Details: